000 01313cam a22002294a 4500
005 20250605164054.0
008 250528s ||||||||||||||||||||||||d
035 _a17402
020 _a71180303
040 _aGR-AtMCL
_bgre
_dGR-AtMCL
_eAACR2
245 1 _aOperations Management for Competitive Advantage / Ninth Edition
250 _a9th
260 _bMcgraw Hill,
_c2001
300 _a768
520 _aOperations Strategy and Managing Change, Introduction to the Field, Operations Strategy and Competitiveness, Project Management, Product Design and Process Selection, Process Analysis, Product Design and Process Selection - Manufacturing, Product Design and Process Selection - Services, Quality Management, Supply Chain Design, Supply Chain Strategy, Strategic Capacity Management, Just-in-Time and Lean Systems, Planning and Controlling the Supply Chain, Forecasting, Aggregate Planning, Inventory Control, Material Requirements Planning, Operations Scheduling, Revising the System, Operations Consulting and Reengineering, Synchronous Manufacturing and Theory of Constraints, Supplements, Appendices, Name and Subject Index.
700 1 _aAquilano Nicholas J.
_93557
700 1 _aChase Richard B
_93558
700 1 _aJacobs F. Robert
_93559
942 _cBK
999 _c2823
_d2823